| 000 -LEADER |
| fixed length control field |
00529nam a22001937a 4500 |
| 008 - FIXED-LENGTH DATA ELEMENTS--GENERAL INFORMATION |
| fixed length control field |
160929b xxu||||| |||| 00| 0 eng d |
| 020 ## - INTERNATIONAL STANDARD BOOK NUMBER |
| International Standard Book Number |
9789327216950(pbk.) |
| 082 ## - DEWEY DECIMAL CLASSIFICATION NUMBER |
| Edition number |
23 |
| Classification number |
579.5 |
| Item number |
PAU |
| 100 ## - MAIN ENTRY--PERSONAL NAME |
| Personal name |
Paul,Y S |
| Dates associated with a name |
2012 |
| 245 ## - TITLE STATEMENT |
| Title |
A text book of mycology and plant pathology |
| 250 ## - EDITION STATEMENT |
| Edition statement |
1st ed. |
| 260 ## - PUBLICATION, DISTRIBUTION, ETC. (IMPRINT) |
| Place of publication, distribution, etc. |
New Deldi |
| Name of publisher, distributor, etc. |
Kalyani Publishers |
| Date of publication, distribution, etc. |
2012 |
| 300 ## - PHYSICAL DESCRIPTION |
| Extent |
265p. |
| Dimensions |
24cm. |
| 500 ## - GENERAL NOTE |
| General note |
It includes references and index. |
| 650 ## - SUBJECT ADDED ENTRY--TOPICAL TERM |
| Source of heading or term |
Botany |
| Topical term or geographic name as entry element |
Botany |
| 653 ## - INDEX TERM--UNCONTROLLED |
| Uncontrolled term |
Mycology |
| 653 ## - INDEX TERM--UNCONTROLLED |
| Uncontrolled term |
Plant pathology |
| 942 ## - ADDED ENTRY ELEMENTS (KOHA) |
| Source of classification or shelving scheme |
|
| Koha item type |
Books |